Petit dictionnaire des grands hommes de la Revolution / (Record no. 6379)

MARC details
000 -LEADER
campo de control de longitud fija 00879nam a2200265 i 4500
001 - NÚMERO DE CONTROL
campo de control 6379
003 - IDENTIFICADOR DE NÚMERO DE CONTROL
campo de control ES-MaACL
005 - FECHA Y HORA DE LA ÚLTIMA TRANSACCIÓN
campo de control 20231103062524.0
007 - CAMPO FIJO DE DESCRIPCIÓN FÍSICA--INFORMACIÓN GENERAL
campo de control de longitud fija t|
008 - DATOS DE LONGITUD FIJA--INFORMACIÓN GENERAL
campo de control de longitud fija 891006s1988 fr ||||1| fre d
020 ## - NÚMERO INTERNACIONAL ESTÁNDAR DEL LIBRO
Número Internacional Estándar del Libro 2-904227-21-5
080 ## - NÚMERO DE LA CLASIFICACIÓN DECIMAL UNIVERSAL
Número de la Clasificación Decimal Universal 9(44)"1789/1799"(03)
080 ## - NÚMERO DE LA CLASIFICACIÓN DECIMAL UNIVERSAL
Número de la Clasificación Decimal Universal 92(44)"1789/1799"
100 1# - ENTRADA PRINCIPAL--NOMBRE DE PERSONA
Nombre de persona Rivarol.
9 (RLIN) 97542
245 10 - MENCIÓN DEL TÍTULO
Título Petit dictionnaire des grands hommes de la Revolution /
Mención de responsabilidad, etc. Rivarol ; introduction de Henri Coulet ; presentation et notes de Jacques Grell.
260 ## - PUBLICACIÓN, DISTRIBUCIÓN, ETC.
Lugar de publicación, distribución, etc. Paris :
Nombre del editor, distribuidor, etc. Desjonqueres,
Fecha de publicación, distribución, etc. 1988.
300 ## - DESCRIPCIÓN FÍSICA
Extensión 123 p. ;
Dimensiones 21 cm.
500 ## - NOTA GENERAL
Nota general Indice.
650 14 - PUNTO DE ACCESO ADICIONAL DE MATERIA--TÉRMINO DE MATERIA
Término de materia o nombre geográfico como elemento de entrada Franceses-
Subdivisión general Biografías-
Subdivisión cronológica 1789-1799.
9 (RLIN) 12978
651 #4 - PUNTO DE ACCESO ADICIONAL DE MATERIA--NOMBRE GEOGRÁFICO
Nombre geográfico Francia-
Subdivisión general Historia-
Subdivisión cronológica 1789-1799, Revolución
9 (RLIN) 8685
700 1# - ENTRADA AGREGADA--NOMBRE PERSONAL
Nombre de persona Coulet, Henri,
Término indicativo de función/relación
9 (RLIN) 41235
700 1# - ENTRADA AGREGADA--NOMBRE PERSONAL
Nombre de persona Grell, Jacques.
9 (RLIN) 59933
852 ## - LOCALIZACIÓN
Ubicación ES-MaACL
Número de control de estantería L-13534
Sublocalización o colección R.117154
Nota libre . - rust.
Holdings
Estatus retirado Estado de pérdida Estado de daño No para préstamo Biblioteca de origen Biblioteca actual Ubicación en estantería Fecha de adquisición Fuente de adquisición Total de préstamos Signatura topográfica completa Código de barras Visto por última vez Precio de reemplazo Tipo de ítem Koha
        Biblioteca del Ateneo de Madrid Biblioteca del Ateneo de Madrid Depósito 2 17/01/2008     L-13534 1006494 23/02/2023 23/02/2023 Libro impreso